Statistics for Biggest Cities in South Dakota on a Map

Click here to take the quiz!

General Stats

  • This quiz has been taken 321 times
  • The average score is 7 of 10

Answers on the Map

Answers color-coded by a green-red scale on the quiz's map according to % correct below.
 

Answer Stats

PopulationCity% Correct
13,867Pierre
96%
183,793Sioux Falls
96%
77,503Rapid City
90%
28,257Aberdeen
77%
24,415Brookings
71%
14,687Yankton
68%
15,679Mitchell
67%
22,174Watertown
64%
11,756Spearfish
62%
13,380Huron
57%

Score Distribution

Percentile by Number Answered

Percent of People with Each Score

Your Score History

You have not taken this quiz